Statistics for Last Place In The English Top Division

Click here to take the quiz!

General Stats

  • This quiz has been taken 463 times
  • The average score is 99 of 124

Answer Stats

HintAnswer% Correct
1901-02Manchester City
97%
1892-93 | 1893-94 | 1921-22 | 1930-31Manchester United
96%
1961-62 | 1978-79Chelsea
94%
1988-89Newcastle United
94%
1946-47Leeds United
93%
1894-95 | 1953-54Liverpool
93%
2004-05 | 2022-23Southampton
93%
1912-13Arsenal
92%
1929-30 | 1950-51Everton
92%
1986-87 | 2015-16Aston Villa
91%
1973-74 | 2019-20 | 2021-22Norwich City
91%
1914-15 | 1934-35 | 1976-77Tottenham Hotspur
91%
1908-09 | 1938-39 | 1977-78 | 2001-02Leicester City
90%
1907-08 | 1949-50 | 1964-65Birmingham City
89%
1933-34 | 1948-49 | 1955-56 | +2 othersSheffield United
89%
1928-29 | 2013-14Cardiff City
88%
1910-11 | 1924-25 | 1992-93 | +2 othersNottingham Forest
88%
2002-03 | 2005-06 | 2016-17Sunderland
88%
1931-32 | 1991-92 | 2010-11West Ham United
88%
1905-06 | 1983-84 | 2003-04 | 2011-12Wolverhampton Wanderers
88%
1898-99 | 1919-20 | 1936-37 | +3 othersSheffield Wednesday
87%
1958-59 | 2009-10Portsmouth
84%
1982-83Brighton & Hove Albion
83%
1913-14 | 1952-53 | 1990-91 | 2007-08Derby County
83%
1951-52 | 1967-68Fulham
83%
1890-91 | 1895-96 | 1900-01 | +7 othersWest Bromwich Albion
82%
1963-64 | 1994-95Ipswich Town
81%
1896-97Burnley
80%
1968-69 | 2012-13 | 2014-15Queens Park Rangers
80%
1935-36 | 1965-66Blackburn Rovers
79%
1980-81 | 1997-98Crystal Palace
78%
1923-24 | 1927-28 | 1981-82Middlesbrough
76%
1932-33 | 1966-67 | 1970-71Blackpool
75%
1959-60Luton Town
75%
1971-72 | 2018-19Huddersfield Town
74%
1888-89 | 1889-90 | 1897-98 | +2 othersStoke City
74%
1902-03 | 1909-10 | 1979-80 | 1995-96Bolton Wanderers
73%
1999-00 | 2006-07Watford
71%
1960-61Preston North End
66%
1956-57Charlton Athletic
65%
1987-88Oxford United
63%
2000-01Bradford City
62%
1989-90Millwall
57%
1904-05 | 1925-26Notts County
56%
1922-23Oldham Athletic
54%
1993-94Swindon Town
53%
1911-12Bury
42%
1974-75Carlisle United
40%
1962-63Leyton Orient
30%
1947-48Grimsby Town
29%
1920-21Bradford Park Avenue
8%
1891-92Darwen
7%
1899-00Glossop North End
5%

Score Distribution

Percentile by Number Answered

Percent of People with Each Score

Your Score History

You have not taken this quiz